Le monde musulman : Des origines au XIe siècle (notice n° 2197722)

détails MARC
000 -LEADER
fixed length control field 01443cam a2200133 4500500
005 - DATE AND TIME OF LATEST TRANSACTION
control field 20260405085444.0
041 ## - LANGUAGE CODE
Language code of text/sound track or separate title fre
042 ## - AUTHENTICATION CODE
Authentication code dc
100 10 - MAIN ENTRY--PERSONAL NAME
Personal name Sénac, Philippe
Relator term author
245 00 - TITLE STATEMENT
Title Le monde musulman : Des origines au XIe siècle
260 ## - PUBLICATION, DISTRIBUTION, ETC.
Name of publisher, distributor, etc. Armand Colin,<br/>
Date of publication, distribution, etc. 2025.<br/>
520 ## - SUMMARY, ETC.
Summary, etc. L’étude du monde musulman est essentielle pour comprendre les grands équilibres du Moyen Âge, mais aussi éclairer notre connaissance du monde arabe contemporain. En effet, au début du VIIe siècle apparaît une civilisation nouvelle et conquérante qui bouleverse définitivement les structures du monde antique pour donner naissance à un immense empire allant de l’Atlantique à l’océan Indien.Pour aborder cet espace, où le politique et le religieux sont étroitement liés, cette histoire du monde musulman des origines au XIe siècle a volontairement privilégié une approche événementielle en s’arrêtant aux années 950-1050, période charnière pendant laquelle se produisent d’importants changements au sein du monde arabo-musulman.Photos, plans, généalogies et nombreux extraits de textes enrichissent l’ouvrage et un dossier d’annexes présente divers éléments destinés à des commentaires et fournissent les principaux instruments nécessaires à la compréhension de la civilisation islamique.
856 41 - ELECTRONIC LOCATION AND ACCESS
Uniform Resource Identifier <a href="https://shs.cairn.info/le-monde-musulman--9782200639242?lang=fr&redirect-ssocas=7080">https://shs.cairn.info/le-monde-musulman--9782200639242?lang=fr&redirect-ssocas=7080</a>

Pas d'exemplaire disponible.

PLUDOC

PLUDOC est la plateforme unique et centralisée de gestion des bibliothèques physiques et numériques de Guinée administré par le CEDUST. Elle est la plus grande base de données de ressources documentaires pour les Étudiants, Enseignants chercheurs et Chercheurs de Guinée.

Adresse

627 919 101/664 919 101

25 boulevard du commerce
Kaloum, Conakry, Guinée

Réseaux sociaux

Powered by Netsen Group @ 2025